Différentes catégories HARRY POTTER - Statistiques

Statistiques générales
  • Ce quiz a été pris 19 916 fois
  • Le résultat moyen est 44 sur 60
Statistiques - réponses
Catégories Réponses % Correct
Maisons de Poudlard Gryffondor
97%
Maisons de Poudlard Serpentard
97%
Famille Weasley Ron
96%
Horcruxes Harry Potter
95%
Personnages Principaux Harry Potter
95%
Maisons de Poudlard Serdaigle
95%
Maisons de Poudlard Poufsouffle
94%
Personnages Principaux Hermione Granger
91%
Famille Weasley Fred
89%
Famille Weasley Ginny
89%
Famille Weasley George
88%
Personnages Principaux Ron Weasley
86%
Horcruxes La Bague des Gaunt
85%
Famille Weasley Arthur
84%
Postes Quidditch Attrapeur
84%
Famille Weasley Molly
84%
Ballons Quidditch Vif D'or
83%
Famille Weasley Percy
82%
Directeurs de Poudlard Albus Dumbledore
80%
Sortilèges Impardonnables Avada Kedavra
80%
Famille Weasley Bill
80%
Reliques Cape d'invisibilité
78%
Famille Weasley Charlie
78%
Postes Quidditch Gardien
78%
Horcruxes Nagini
77%
Reliques Baguette de Sureau
75%
Horcruxes Le Journal de Tom Jédusor
75%
Cours Potions
75%
Postes Quidditch Batteur
73%
Ballons Quidditch Cognard
73%
Horcruxes La Coupe de Helga Poufsouffle
73%
Horcruxes Le Diadème de Rowena Serdaigle
73%
Directeurs de Poudlard Severus Rogue
73%
Sortilèges Impardonnables Doloris
71%
Cours Défense contre les forces du Mal
69%
Livres Harry Potter à l'école des Sorciers
67%
Livres Harry Potter et la Chambre des Secrets
67%
Livres Harry Potter et la Coupe de Feu
66%
Sortilèges Impardonnables Imperium
66%
Horcruxes Le Médaillon de Salazar Serpentard
65%
Cours Metamorphose
65%
Postes Quidditch Poursuiveur
65%
Ballons Quidditch Souaffle
64%
Cours Vol
64%
Cours Divination
63%
Livres Harry Potter et les Reliques de la Mort
63%
Cours Sortilèges
63%
Livres Harry Potter et le Prince de Sang-Mêlé
62%
Livres Harry Potter et le Prisonnier d'Azkaban
62%
Reliques Pierre de Résurrection
62%
Cours Botanique
60%
Livres Harry Potter et l'Ordre du Phénix
58%
Directeurs de Poudlard Minerva McGonagall
58%
Directeurs de Poudlard Dolores Ombrage
54%
Cours Histoire de la Magie
50%
Cours Soins aux Créatures Magiques
48%
Cours Etude des Moldus
46%
Cours Astronomie
45%
Cours Arithmancie
42%
Cours Etude des Runes
38%
Aucun quiz correspondant
Distribution des résultats
% des personnes avec chaque résultat
Percentile par nombre de réponses
Votre historique - résultats
Vous n’avez pas pris ce quiz